000 00477ntaaa2200193 4500
003 01
005 20251027202012.0
008 0714s1973 ag 01
040 _aAR-BaBN
_bspa
_cAR-BaBN
_eaacr
_dRIC
082 _a261.1000 L88i
100 _aLópez Muñoz, A.
245 _aInfluencia social del cristianismo
250 _a1 ed.
260 _aEl Paso :
_bCBP,
_c1972
300 _a86 p.
650 _aSociología Cristiana
_92084
650 _aIglesia-Sociedad
942 _cBK
999 _c14766
_d14766